000 00382nam a2200133 4500
001 16360
090 _a16360
100 _a20250716 pory50
200 _aLivros impressos nos séculos XV e XVI
_fBiblioteca Central da Marinha
210 _aLisboa
_cMinistério da Marinha
_d1972
215 _a160p.
_cil.
_d22 cm
225 _aColeção Estudos;
_h1)
801 _aPT
_bBMA
_gRPC
990 _cLIVROS